Cargando...

Malayude Paithrukabhoovil

Detalles Bibliográficos
Autor principal: Varghese Kannanpuzha, K C
Formato: Printed Book
Lenguaje:Undetermined
Publicado: Green books, 2017
Materias:
LEADER 00448nam a2200133Ia 4500
008 200324s9999 xx 000 0 und d
082 |a 954.83  |b VAR.M 
100 |a Varghese Kannanpuzha, K C 
245 0 |a Malayude Paithrukabhoovil 
260 |b Green books,  |c 2017 
650 |a Kerala history 
942 |c BK 
999 |c 289707  |d 289707 
952 |0 0  |1 0  |4 0  |6 954_830000000000000_VAR_M  |7 0  |9 308240  |a SDE  |b SDE  |d 2019-08-03  |l 0  |o 954.83 VAR.M  |p SDE26214  |r 2020-03-27  |w 2020-03-27  |y BK